Culture Générale - Série 2640 - Statistiques

Statistiques générales
  • Ce quiz a été pris 81 fois
  • Le résultat moyen est 4 sur 10
Statistiques - réponses
Question Réponse % Correct
A quel personnage fictif est associée la ville de Gotham City ? Batman
90%
De quel instrument jouait Boris Vian ? trompette
51%
Démon, entité malfaisante des contes moyen-orientaux (homonyme d'un pantalon célèbre) djinn
47%
Dans quel pays se trouve la ville portuaire d'Aden ? Yémen
43%
Le strelitzia est une plante connue sous le nom "d'oiseau de ...." paradis
42%
Dans quel pays se trouve le parc national animalier du Serengeti ? Tanzanie
36%
Sous quel nom connaissait-on mieux Josip Broz (1892-1980) ? Tito
31%
Partie fixe d'une machine électrique (alternateur, moteur) ou à énergie mécanique (compresseur, etc.), par opposition au rotor, partie mobile. stator
25%
1. Familier. Partie d'une dent cassée ou profondément cariée, qui tient encore à la gencive. · 2. Souche d'un arbre coupé, reste d'une branche chicot
19%
Quel mot issu du Moyen Age désigne actuellement un douanier ? gabelou
11%
Aucun quiz correspondant
Distribution des résultats
% des personnes avec chaque résultat
Percentile par nombre de réponses
Votre historique - résultats
Vous n’avez pas pris ce quiz